| 000 | 00671nam a2200193 i 4500 | ||
|---|---|---|---|
| 001 | 146192 | ||
| 003 | ES-MaACL | ||
| 007 | t| | ||
| 008 | 070904s1986 mx ||||1| spa d | ||
| 020 | _a84-7605-349-5 | ||
| 245 | 0 | 0 |
_aTratado de obstetricia y ginecología / _ceditado por David N. Danforth ; versión española dirigida y supervisada por Pedro de la Fuente Pérez. |
| 250 | _a4ª ed. | ||
| 260 |
_aMéxico ; Madrid [etc] : _bInteramerican, _c1986. |
||
| 300 |
_aXXVIII, 1287 p. : _bil ; _c26 cm. |
||
| 505 | 8 | _aBibliografía. Indice | |
| 700 | 1 |
_aDanforth, David N. _942615 |
|
| 700 | 1 |
_aFuente Pérez, Pedro de la. _952874 |
|
| 852 |
_aES-MaACL _jB-99 _bR.114320 |
||
| 999 |
_c146192 _d146192 |
||